000 00682nam a22002177a 4500
003 0
005 20251029152022.0
008 251029b xxu||||| |||| 00| 0 eng d
020 _a978-1-83659-973-9
050 _aPN 4778
_b.T87 2025
100 _aTurner, Aaron,
_eauthor.
245 _aJournalism in the new millennium /
_cAaron Turner.
260 _aLondon, UK :
_bED-Tech Press,
_c2025.
300 _avii, 243 pages ;
_c27 cm.
504 _aIncludes bibliographical references and index.
650 _aJournalism
_y21st century.
650 _aDigital media
_xInfluence.
650 _aMass media
_xTechnological innovations.
650 _aOnline journalism.
942 _2lcc
_cBK
999 _c368409
_d368409